LEADER 00795nab a2200157 i 4500 001 000000284032 003 CaOOAMICUS 005 20180831165248.0 008 180831n xx uu u0 0und r 013 $a37264 040 $aSeMil$bita 245 10$aCarlo Maria Martini, profeta di speranza ; L'Avvento ; Perché l'adulto prenda la parola ; Dossier :$bAlleanza, una parola della fede. - Titoli dalla copertina. 500 $aNovembre 2012. 600 14$aMartini, Carlo Maria .$0(OLS)http://semarc/subject/8972 773 0 $t2012-2013.$dTorino : Elledici, 2013.$w()238707 996 $6245$aCarlo Maria Martini, profeta di speranza ; L'Avvento ; Perché l'adulto prenda la parola ; Dossier :$bAlleanza, una parola della fede. - Titoli dalla copertina$9(OLS)http://semarc/title/365401 LEADER 00967nam a2200229 i 4500 001 000000040174 003 CaOOAMICUS 005 20121212000000.0 008 121212s1968 it u000 u ita u 013 $a11336 040 $aSeMil$bita 100 1 $aFerrari, Francesco Luigi <1891-1933>.$0(OLS)http://semarc/name/8353 245 10$aAntifascisti cattolici /$cFrancesco Luigi Ferrari, Primo Mazzolari, Ferdinando Rodolfi. 260 $aVicenza :$bLa Locusta,$cstampa 1968. 300 $a104 p. ;$c18 cm. 650 4$aAntifascisti - Italia - 1928-1933 - Lettere e Carteggi.$0(OLS)http://semarc/subject/8390 700 1 $aMazzolari, Primo,$d<1890-1959>.$0(OLS)http://semarc/name/3525 850 $aSeMil 852 $aSeMil$W1$xVenegono$y1$m2L I 238$j6329$B6329$CSeMilBibl$Z2$F6329 $81 961 $aOmaggio: Donazione 996 $6245$aAntifascisti cattolici$9(OLS)http://semarc/title/57553 996 $6260$aVicenza :$bLa Locusta$9(OLS)http://semarc/publisher/31451